| 000 | 01221cam a2200361 a 4500 | ||
|---|---|---|---|
| 001 | 15343692 | ||
| 003 | OSt | ||
| 005 | 20251202111815.0 | ||
| 008 | 080625s2008 mau 000 0aeng | ||
| 010 | _a 2008028567 | ||
| 020 |
_a9781598563009 _qhbk. : alk. paper |
||
| 035 | _a15343692 | ||
| 040 |
_aDLC _cDLC _dDLC |
||
| 043 | _ae-uk-en | ||
| 050 | 0 | 0 |
_aBX8495.W5 _bA3 2008 |
| 082 | 0 | 0 |
_a287.092 _aB _222 |
| 100 | 1 |
_aWesley, John, _d1703-1791. |
|
| 240 | 1 | 0 |
_aJournal of the Rev. John Wesley. _kSelections |
| 245 | 1 | 4 | _aThe heart of John Wesley's Journal. |
| 250 | _a1st Hendrickson ed. | ||
| 260 |
_aPeabody, Mass. : _bHendrickson Publishers, _c2008. |
||
| 300 |
_aviii, 527 p. ; _c23 cm. |
||
| 336 |
_atext _btxt _2rdacontent |
||
| 337 |
_aunmediated _bn _2rdamedia |
||
| 338 |
_avolume _bnc _2rdacarrier |
||
| 490 | 0 | _aA Hendrickson classic biography | |
| 600 | 1 | 0 |
_aWesley, John, _d1703-1791 _vDiaries. |
| 650 | 0 |
_aMethodist Church _zEngland _xClergy _vDiaries. |
|
| 906 |
_a7 _bcbc _corignew _d1 _eecip _f20 _gy-gencatlg |
||
| 942 |
_2lcc _cBK |
||
| 999 |
_c20841 _d20840 |
||